| 000 | 00597nam a2200205 i 4500 | ||
|---|---|---|---|
| 001 | 31722 | ||
| 003 | ES-MaACL | ||
| 007 | t| | ||
| 008 | 030130s1953 sp ||||1| spa d | ||
| 100 | 1 |
_aBaum, Vicki. _926577 |
|
| 245 | 1 | 0 |
_aEntreacto _b: novela / _cVicki Baum ; [traducción del alemán por Ricardo Debenedetti]. |
| 250 | _a[1ª ed.]. | ||
| 260 |
_aBarcelona : _bPlaneta, _c[1953] ( _fGrafiemsa) |
||
| 300 |
_a231 p. ; _c19 cm. |
||
| 490 | 1 | _aGoliat | |
| 700 | 1 |
_aDebenedetti, Ricardo. _943116 |
|
| 830 | 0 |
_aGoliat _9181396 |
|
| 852 |
_aES-MaACL _jC-6046 _bR.35236 |
||
| 999 |
_c31722 _d31722 |
||